| 000 | 00693nam a22002057a 4500 | ||
|---|---|---|---|
| 003 | OSt | ||
| 005 | 20251023015501.0 | ||
| 008 | 251023b |||||||| |||| 00| 0 eng d | ||
| 020 | _a978-981-4336-85-7 | ||
| 040 |
_aDWC-Main Lib. _cOC |
||
| 082 | _aCirc. 005.133 S368c 2011 | ||
| 100 | _aSCHOLL, JUDY | ||
| 245 |
_aC++ programming problem analysis to program design (lab manual)/ _cSCHOLL, JUDY |
||
| 250 | _aPhil. Edition | ||
| 260 |
_aSingapore : _bCengage Learning Asia, _cc2011. |
||
| 300 |
_a252 pages : _billustrations ; _c25 cm. |
||
| 650 | _a1. C (Computer program language) -- Laboratory manual. I. Nugent, Gerard. | ||
| 760 | _bPhil. Edition | ||
| 942 |
_2ddc _cBK-CIRC _eCirc. _n0 |
||
| 999 |
_c5027 _d5027 |
||